000 00374nam a2200157Ia 4500
008 230917s9999||||xx |||||||||||||| ||und||
040 _e123368
_aMAIN
041 _aEnglish
082 _a005.133 G343P
100 _aGhezzi, Carlo
245 0 _aProgramming language concepts
250 _a3rd ed.
260 _aNew Delhi
_bWiley
_c2003
300 _a427 p.
942 _cBK
999 _c141848
_d141848